Diccionario de la biodiversidad (Registro nro. 9794)
[ vista simple ]
| 000 -Cabecera | |
|---|---|
| Campo de control de longitud fija | 00605nam a22002417a 4500 |
| 005 - Fecha y hora de la última transacción | |
| Campo de control | 20250219154413.0 |
| 008 - Elementos de longitud fija--Información general | |
| Campo de control de longitud fija | 170824b2008 xxu||||| |||| 00| 0 spa d |
| 020 ## - International Standard Book Number | |
| Número Internacional Estándar del Libro (ISBN) | 9789968927314 |
| 041 ## - Idioma | |
| Código de idioma | Español |
| 082 ## - Clasificación Decimal Dewey | |
| Número de clasificación | R 574.5 K17d |
| 100 ## - Entrada principal--Autor personal | |
| Nombre personal | Kappelle, Maarten |
| 245 ## - Título propiamente dicho | |
| Título | Diccionario de la biodiversidad |
| 260 ## - Pie de imprenta | |
| Lugar de publicación, distribución, etc. | Santo Domingo de Heredia, Costa Rica |
| 260 ## - Pie de imprenta | |
| Nombre del editor, distribuidor, etc. | INBio |
| 260 ## - Pie de imprenta | |
| Fecha de publicación, distribución, etc. | 2008 |
| 300 ## - Descripción física | |
| Extensión | 416 páginas |
| 650 ## - Materia general | |
| Temática (materia general) | DICCIONARIOS |
| 650 ## - Materia general | |
| Temática (materia general) | BIODIVERSIDAD |
| 650 ## - Materia general | |
| Temática (materia general) | FÓRMULAS QUÍMICAS |
| 650 ## - Materia general | |
| Temática (materia general) | RAÍCES GRIEGAS |
| 650 ## - Materia general | |
| Temática (materia general) | RAÍCES LATINAS |
| 942 ## - Punto de acceso adicional KOHA | |
| Tipo de ítem KOHA | Referencia |
| Fuente del sistema de clasificación o colocación | Dewey Decimal Classification |
| Signatura completa | Código de barras | Tipo de ítem |
|---|---|---|
| R 574.5 K17d | 22559 | Referencia |
| R 574.5 K17d | 12819 | Referencia |